MATHEMATICAL MODELS OF INFORMATION / (Record no. 587471)
[ view plain ]
| 000 -LEADER | |
|---|---|
| fixed length control field | 00336nam a22001337a 4500 |
| 020 ## - INTERNATIONAL STANDARD BOOK NUMBER | |
| Qualifying information | HB. |
| 040 ## - CATALOGING SOURCE | |
| Transcribing agency | FIZZA ISHAQ |
| 082 ## - DEWEY DECIMAL CLASSIFICATION NUMBER | |
| Classification number | 003.76015 |
| Author Mark | PHI |
| 100 ## - MAIN ENTRY--PERSONAL NAME | |
| Personal name | KORNRECH, PHILIP. |
| 9 (RLIN) | 87176 |
| 245 ## - TITLE STATEMENT | |
| Title | MATHEMATICAL MODELS OF INFORMATION / |
| Statement of responsibility, etc. | PHILIP KORNRECH. |
| 260 ## - PUBLICATION, DISTRIBUTION, ETC. | |
| Place of publication, distribution, etc. | LONDON : |
| Name of publisher, distributor, etc. | CRC, |
| Date of publication, distribution, etc. | 2008. |
| 300 ## - PHYSICAL DESCRIPTION | |
| Extent | 364 P. ; |
| 942 ## - ADDED ENTRY ELEMENTS (KOHA) | |
| Source of classification or shelving scheme | |
| Koha item type | Book |
| Withdrawn status | Lost status | Source of classification or shelving scheme | Damaged status | Not for loan | Permanent Location | Current Location | Date acquired | Total Checkouts | Full call number | Barcode | Date last seen | Price effective from | Koha item type |
|---|---|---|---|---|---|---|---|---|---|---|---|---|---|
| NUST Baluchistan Campus (NBC) | NUST Baluchistan Campus (NBC) | 12/30/2021 | 003.76015 PHI | Q-2271 | 12/30/2021 | 12/30/2021 | Book |
